|
|
|
|
| LEADER |
01020nam a22002417a 4500 |
| 001 |
38259 |
| 003 |
BD-DhAAL |
| 005 |
20220330155904.0 |
| 008 |
220330t3825 bg ||||| |||| 00| 0 ben d |
| 999 |
|
|
|c 43920
|d 43920
|
| 020 |
|
|
|a 9847035001807
|
| 040 |
|
|
|a BD-DhAAL
|
| 041 |
|
|
|a BEN
|
| 082 |
|
|
|a 320.95492
|
| 100 |
|
|
|a সামাদ, এবনে গোলাম
|9 47547
|
| 245 |
|
|
|a আত্মপরিচয়ের সন্ধানে /
|c এবনে গোলাম সামাদ
|
| 260 |
|
|
|a ঢাকা :
|b র্যামন পাবলিশার্স,
|c ২০১৫
|
| 300 |
|
|
|a ২৭০ পৃষ্ঠা ;
|c ২২ সে.মি.
|
| 541 |
|
|
|a Donated by Akbar Ali Khan
|e 38259
|
| 651 |
|
|
|a Bangladesh
|x Politics and government
|9 47550
|
| 852 |
|
|
|a Ayesha Abed Library
|c Akbar Ali Khan Collection
|
| 942 |
|
|
|2 ddc
|c BK
|
| 952 |
|
|
|0 0
|1 0
|2 ddc
|4 0
|6 320_954920000000000_SAM
|7 1
|9 70319
|a BRACUL
|b BRACUL
|c AAKC
|d 2022-03-30
|e Donated by Akbar Ali Khan
|l 0
|o 320.95492 SAM
|p 3010038259
|r 2022-03-30
|u 1
|w 2022-03-30
|y BK
|